Estado, eficiencia y democracia /

Guardat en:
Dades bibliogràfiques
Autor principal: Urcuyo Fournier, Constantino
Format: Text
Etiquetes: Afegir etiqueta
Sense etiquetes, Sigues el primer a etiquetar aquest registre!

MARC

LEADER 00000 a a2200000 04500
001 48113
003
040
100 |a Urcuyo Fournier, Constantino  
245 |a Estado, eficiencia y democracia /  |c Constantino Urcuyo Fournier  
773 |g número44, (octubre-diciembre, 1996), páginas 49-50  
999 |c 28718  |d 28718